Countries Closest to Turkmenistan - One Minute Sprint - Statistics

General Stats
  • This quiz has been taken 250 times
  • The average score is 16 of 20
Answer Stats
km country miles % Correct
0 Uzbekistan 0
95%
0 Iran 0
92%
0 Kazakhstan 0
92%
110 Tajikistan 68
91%
199 Azerbaijan 123
90%
442 Pakistan 274
90%
321 Russia 200
90%
0 Afghanistan 0
89%
616 China 383
88%
698 Iraq 433
88%
290 Kyrgyzstan 180
88%
529 Armenia 329
85%
479 Georgia 298
82%
676 Turkey 420
82%
731 India 454
80%
958 Syria 595
69%
1107 Saudi Arabia 688
58%
975 Kuwait 606
55%
1168 United Arab Emirates 726
40%
1122 Oman 697
35%
No matching quizzes found
Score Distribution
Percent of People with Each Score
Percentile by Number Answered
Your Score History
You have not taken this quiz